Insectes de France - Statistiques

Statistiques générales
  • Ce quiz a été pris 167 fois
    145 depuis la dernière actualisation
  • Le résultat moyen est 13 sur 24
Statistiques - réponses
Par images Réponse % Correct
Fourmi
100%
Abeille commune
98%
Coccinelle à 7 points
96%
Gendarme
92%
Sauterelle verte
92%
Punaise
89%
Frelon
86%
Tipule (Cousin)
62%
Lucane cerf-volant
61%
Hanneton
52%
Demoiselle
51%
Doryphore
48%
Dytique
47%
Cétoine dorée
45%
Machaon
41%
Abeille charpentière
38%
Charançon
38%
Syrphe
34%
Carabe
32%
Nèpe
26%
Grand capricorne
19%
Taupin
18%
Dorcus
13%
Hydrophile
11%
Aucun quiz correspondant
Distribution des résultats
% des personnes avec chaque résultat
Percentile par nombre de réponses
Votre historique - résultats
Vous n’avez pas pris ce quiz depuis la dernière actualisation